LEADER 01229nam a2200265 a 4500 001 000000164271 003 CaOOAMICUS 005 20171116173728.0 008 171116s1992 it m 000 u ita d 032 $aLibriCat 040 $aPUL$bita 100 1 $aPuca, Antonio,$d1945-$0(OLS)http://pul/name/85946 245 10$aTrapianto di cuore e morte cerebrale del donatore : $baspetti etici / $cAntonio Puca . 260 $aRoma :$b[s.n.],$c1992. 300 $a239 p. ;$c21 cm. 502 $aTesi -- Pontificia Facoltą Teologica Teresianum Camillianum. Istituto Internazionale di Teologia Pastorale Sanitaria. 1991 504 $aBibliografia in nota a pič pagina. 650 04$aEtica sanitaria.$0(OLS)http://pul/subject/39485 710 2 $aTeresianum.$bIstituto Internazionale di Pastorale Sanitaria$kTesi.$0(OLS)http://pul/name/105603 850 $aPUL 852 $aPUL$W1$xDP1 Tesi Pon. Fac. Teresianum$y48$mTH TER 139$j188395$qTesi$B191557$CPULBib$Z2$F191557 $H75786 $82 941 1 $a16 996 $6245$aTrapianto di cuore e morte cerebrale del donatore : $baspetti etici / $9(OLS)http://pul/title/203956 996 $6260$aRoma :$b[s.n.]$9(OLS)http://pul/publisher/47958 LEADER 01180nam a2200289 a 4500 001 000000170897 003 CaOOAMICUS 005 20181203110205.0 008 181203s1993 xxu 000 u eng r 020 $a0-19-507596-X* 032 $aLibriCat 040 $aPUL$bita 082 14$a291 245 04$aThe ways of religion : $ban introduction to the major traditions / $cedited by Roger Eastman . 250 $aSecond edition. 260 $aNew York ;$aOxford :$bOxford University Press,$c©1999. 300 $a489 p.;$c24 cm. 650 4$aReligioni.$0(OLS)http://pul/subject/5652 700 12$aEastman, Roger.$0(OLS)http://pul/name/109900 850 $aPUL 852 $aPUL$W1$xDP2 Religione 3$y114$m291 EASRO 1$j194184$qDDC 21$B199416$CPULBib$Z2$F199416 $H131806 $81 941 1 $a9 996 $6020$a0-19-507596-X*$9(OLS)http://pul/number/165464 996 $6082$a291$9(OLS)http://pul/classification/603 996 $6245$aThe ways of religion : $ban introduction to the major traditions / $9(OLS)http://pul/title/211741 996 $6260$aNew York ;$aOxford :$bOxford University Press$9(OLS)http://pul/publisher/74336